000 00881nam a2200265 a 4500
001 BRCA_5674
005 20190320205157.0
008 220211s1904----enka######---#000-0#ger-#
041 _ager
044 _aenk
050 4 _aN2308
_b.V65 1 1904
100 1 _aVoll, Karl
_d1867-1917
_914182
245 1 0 _aDie Meisterwerke der Königl Gemalde-Galerie zu Cassel
_cKarl Voll.
260 _aLondres
_bFranz Hanfstaengl
_c1904
300 _aXX p.
_bil., 209 láminas
_c27 cm.
440 0 _aHanfstaengls Maler-Klassiker: Die Meisterwerke der Bedeutendsten Galerien Europas
_v6
_914420
500 _aIncluye índice onomástico
500 _aEjemplar igual a Y10
500 _aF144
610 2 4 _aStaatliche Gemäldegalerie (Kassel, Alemania)
_914421
650 1 4 _aPinturas
_zKassel, Alemania
_914422
650 1 4 _aGalerías y museos
_zAlemania
_95059
902 _aGFM
942 _2lcc
_cB
999 _c5367
_d5367